000
00310nam a22001337a 4500
008
170612b xxu||||| |||| 00| 0 eng d
020
_a
9780745628615
041
_a
eng
080
_a
327
100
_a
19
101
_a
SHP
245
_a
THE NEW AGENDA FOR INTERNATIONAL RELATIONS
_c
LAWSON,S
942
_2
udc
_c
BK
999
_c
16993
_d
16993